000 00633nam a2200229Ia 4500
003 OSt
005 20220926012319.0
006 a|||||r|||| 00| 0
007 ta
008 220923b |||||||| |||| 00| 0 eng d
020 _a9781316636831
037 _cGeneral Book
040 _aRTL
_cRTL
_beng
041 _2eng
_aeng
082 _aX:(D6,9(B), Q9
100 _aWILLIAMSON David P
_9316138
245 0 _aNetwork flow algorithms
260 _aNew York
_bCambridge University Press
_c2019
300 _axii,314p
_ccm.
942 _hX:(D6,9(B), Q9
_cGB
_2CC
999 _c622486
_d622486